LEADER 03493nam 2200805Ia 450 001 9910458024603321 005 20200520144314.0 010 $a1-282-86725-3 010 $a9786612867255 010 $a0-7735-7681-9 035 $a(CKB)2560000000052925 035 $a(OCoLC)759157042 035 $a(CaPaEBR)ebrary10424022 035 $a(SSID)ssj0000441908 035 $a(PQKBManifestationID)11299620 035 $a(PQKBTitleCode)TC0000441908 035 $a(PQKBWorkID)10444717 035 $a(PQKB)11327488 035 $a(CEL)432985 035 $a(CaBNvSL)slc00225588 035 $a(MiAaPQ)EBC3271063 035 $a(MiAaPQ)EBC3332143 035 $a(Au-PeEL)EBL3332143 035 $a(CaPaEBR)ebr10559094 035 $a(CaONFJC)MIL286725 035 $a(OCoLC)923235053 035 $a(EXLCZ)992560000000052925 100 $a20090212d2009 uy 0 101 0 $aeng 135 $aurcn||||||||| 181 $ctxt 182 $cc 183 $acr 200 10$aRomantic ecologies and colonial cultures in the British Atlantic world, 1770-1850$b[electronic resource] /$fKevin Hutchings 210 $aMontreal ;$aIthaca $cMcGill-Queen's University Press$dc2009 215 $a1 online resource (239 p.) 311 $a0-7735-3579-9 320 $aIncludes bibliographical references and index. 327 $aIntroduction: The Politics and Poetics of Green Romanticism -- 1. Naturalizing Colonial Relations in the British Atlantic World: Slavery as Fact and Figure -- 2. Race and Animality in the British Atlantic World -- 3. Gender, Environment, and Imperialism in William Blake's Visions of the Daughters of Albion -- 4. Enslaved Brutes and Brutalized Slaves: Animal Rights and Abolition in Coleridge and the Black Atlantic -- 5. Environmental Determinism and the Politics of Nature: William Richardson's The Indians: A Tragedy -- 6. Thomas Campbell's American Idyll: Colonial Ideology in Gertrude of Wyoming -- 7. Romanticism, Colonialism, and the "Natural Man" in the Writings of Sir Francis Bond Head and George Copway -- Afterword: Colonialism and Ecology. 606 $aEnglish literature$xMinority authors$xHistory and criticism 606 $aEnglish literature$y18th century$xHistory and criticism 606 $aEnglish literature$y19th century$xHistory and criticism 606 $aEnvironmentalism$zGreat Britain$xHistory 606 $aHuman ecology in literature 606 $aImperialism in literature 606 $aNature in literature 606 $aRace in literature 606 $aRomanticism 606 $aSlavery in literature 607 $aGreat Britain$xColonies$zAmerica$xAdministration 608 $aElectronic books. 615 0$aEnglish literature$xMinority authors$xHistory and criticism. 615 0$aEnglish literature$xHistory and criticism. 615 0$aEnglish literature$xHistory and criticism. 615 0$aEnvironmentalism$xHistory. 615 0$aHuman ecology in literature. 615 0$aImperialism in literature. 615 0$aNature in literature. 615 0$aRace in literature. 615 0$aRomanticism. 615 0$aSlavery in literature. 676 $a820.9/007 700 $aHutchings$b Kevin$g(Kevin Douglas),$f1960-$0292989 801 0$bMiAaPQ 801 1$bMiAaPQ 801 2$bMiAaPQ 906 $aBOOK 912 $a9910458024603321 996 $aRomantic ecologies and colonial cultures in the British Atlantic world, 1770-1850$92293775 997 $aUNINA LEADER 01460nam2 22003493i 450 001 SBL0054549 005 20231121125813.0 020 $aIT$b77-11636 100 $a20030103d1977 ||||0itac50 ba 101 | $aita$cita 102 $ait 181 1$6z01$ai $bxxxe 182 1$6z01$an 200 1 $a˜Le œacque$fFerruccio Mosetti 210 $aTorino$cUTET$d c1977 215 $aXI, 579 p.$cill.$d27 cm. 461 1$1001CFI0116513$12001 $a˜Il œnostro universo 500 10$a˜Le œacque.$3TSA1665419$9TSAV651517$946543 700 1$aMosetti$b, Ferruccio$3TSAV651517$4070$01450 790 1$aMosetti$b, F.$3SBNV056191$zMosetti, Ferruccio 801 3$aIT$bIT-01$c20030103 850 $aIT-RM0289 $aIT-RM0542 $aIT-FR0084 $aIT-RM0314 $aIT-FR0017 899 $aBiblioteca Statale A. Baldini$bRM0289 899 $aBIBLIOTECA DEL MINISTERO DEGLI AFFARI ESTERI$bRM0542 $eN 899 $aBiblioteca Del Monumento Nazionale Di Montecassino$bFR0084 899 $aBiblioteca delle Infrastrutture e della mobilità sostenibili$bRM0314 899 $aBiblioteca umanistica Giorgio Aprea$bFR0017 912 $aSBL0054549 950 2$aBiblioteca umanistica Giorgio Aprea$d 52MAG 3/814$e 52DUP0009041805 VMB RS $fA $h20200326$i20200326 977 $a 04$a 09$a 25$a 31$a 52 996 $aAcque$946543 997 $aUNICAS